Yes And No In Different Languages - Statistics

General Stats
  • This quiz has been taken 192 times
    166 since last reset
  • The average score is 17 of 42
Answer Stats
Language Yes / No Answer % Correct
Italian No No
98%
Spanish No No
98%
Italian Yes
93%
Spanish Yes
93%
German No Nein
87%
German Yes Ja
83%
Swedish Yes Ja
83%
Dutch Yes Ja
83%
Danish Yes Ja
83%
French Yes Oui
79%
Russian Yes Da
78%
French No Non
74%
Bengali No
68%
Polish No Nie
59%
Bengali Yes
46%
Russian No Net
45%
Korean Yes Ye
44%
Portuguese No Não
40%
Polish Yes Tak
38%
Portuguese Yes Sim
36%
Dutch No Nee
32%
Japanese Yes Hai
31%
Greek Yes Naí
30%
Swedish No Nej
29%
Danish No Nej
29%
Turkish Yes Evet
17%
Greek No Óchi
17%
Arabic No La
16%
Chinese No
12%
Turkish No Hayır
12%
Chinese Yes Shì
11%
Japanese No Īe
8%
Korean No Ani
7%
Irish No Níl
7%
Thai No Mị̀
6%
Hindi No Nahin
6%
Irish Yes Sea
6%
Arabic Yes Nem
5%
Hindi Yes Haan
3%
Vietnamese Yes Đúng
2%
Vietnamese No Không
2%
Thai Yes Chı̀
0%
No matching quizzes found
Score Distribution
Percent of People with Each Score
Percentile by Number Answered
Your Score History
You have not taken this quiz since the last reset